Professional ethics./ (Record no. 9868)

MARC details
000 -LEADER
fixed length control field 01089nam a22002177a 4500
005 - DATE AND TIME OF LATEST TRANSACTION
control field 20230703141310.0
008 - FIXED-LENGTH DATA ELEMENTS--GENERAL INFORMATION
fixed length control field 230630b ||||| |||| 00| 0 eng d
020 ## - INTERNATIONAL STANDARD BOOK NUMBER
International Standard Book Number 978019287958
050 ## - LIBRARY OF CONGRESS CALL NUMBER
Classification number BJ1725.P96 (20e)
245 ## - TITLE STATEMENT
Title Professional ethics./
Statement of responsibility, etc. [edited by John-Paul MacNamara]
250 ## - EDITION STATEMENT
Edition statement 20th ed.
260 ## - PUBLICATION, DISTRIBUTION, ETC.
Place of publication, distribution, etc. Oxford:
Name of publisher, distributor, etc. Oxford University Press;
Date of publication, distribution, etc. 2022.
300 ## - PHYSICAL DESCRIPTION
Extent 371p.:
500 ## - GENERAL NOTE
General note Includes index
505 ## - FORMATTED CONTENTS NOTE
Formatted contents note Contents:Introduction -- You and the court -- Behaving ethically -- You and your client -- You and your regulator -- You and your practice -- Dealing with the client without a solicitor:public access and licensed access work -- Complaints -- The unregistered barrister -- The scope of practice -- Continuing professional development -- The proceeds of crime act 2002 -- The letter and spirit of the code:professional ethics and personal values -- Professional conduct problems --
650 ## - SUBJECT ADDED ENTRY--TOPICAL TERM
Topical term or geographic name entry element Professional ethics
9 (RLIN) 1985
700 ## - ADDED ENTRY--PERSONAL NAME
Personal name Duncan,Nigel
9 (RLIN) 1969
700 ## - ADDED ENTRY--PERSONAL NAME
Personal name Hanmer,Oliver
9 (RLIN) 1970
700 ## - ADDED ENTRY--PERSONAL NAME
Personal name MacNamara,John-Paul
9 (RLIN) 1971
942 ## - ADDED ENTRY ELEMENTS (KOHA)
Source of classification or shelving scheme Library of Congress Classification
Koha item type Books
Edition 20th
Holdings
Withdrawn status Lost status Source of classification or shelving scheme Damaged status Not for loan Home library Current library Shelving location Date acquired Full call number Barcode Date last seen Price effective from Koha item type
    Library of Congress Classification     WISCONSIN INTERNATIONAL UNIVERSITY COLLEGE, GHANA KUMASI LIBRARY WISCONSIN INTERNATIONAL UNIVERSITY COLLEGE, GHANA KUMASI LIBRARY Law Library 30/06/2023 BJ1725.P96(20e) KSL/1821/084/23 30/06/2023 30/06/2023 Books

If you have any concerns or questions; kindly contact the library


© Powered by WIUC ICT DIRECTORATE